000 00758nam a2200217 a 4500
003 PILC
005 20150112093431.0
008 100716s19uu xx 00 eng d
020 _a0256171637
050 _aHF 1359
_b.Ap77 1997
082 _aEITSF 382.20
_bAp5 1998
100 _aAppleyard, Dennis R.
_910424
245 _aInternational economics :
_bTrade theory and policy /
_cDennis R. Appleyard, Alfred J. Field, Jr, Dennis R. Appleyard
250 _a3rd ed.
260 _aNew York :
_bMcGraw-HIll Companies, Inc,
_c1998.
300 _a424 pages :
_billustration ;
_c26 cm.
650 _aInternational economic relations
_xInternational Trade
_910425
650 _aInternational finance
_910426
700 _aField, Alfred J.
_910427
942 _2lcc
_cBK
999 _c14363
_d14363